| 000 | 00370 a2200109 4500 | ||
|---|---|---|---|
| 001 | ART_25620 | ||
| 005 | 20260410161935.0 | ||
| 008 | 260409a | ||
| 245 | 1 | 0 | _aLa empresa privada en el proceso de desarrollo |
| 100 | 1 | _aGiménez, Ovidio | |
| 773 | 0 |
_tAnales de la Academia Nacional de Ciencias Económicas _g- Vol. XXXII, (1987) (ene. 1988) _wREV25596 |
|
| 999 |
_c28940 _d28940 |
||